000 01290nam a2200349Ia 4500
001 ebr10150431
003 CaPaEBR
006 m u
007 cr cn|||||||||
008 060120s2006 nyua sb 000 0 eng d
010 _z 2006041578
020 _z1403983674
020 _z1403975280
020 _z9781403975287
024 3 _z9781403975287
040 _aCaPaEBR
_cCaPaEBR
035 _a(OCoLC)567962764
050 1 4 _aJK2447
_b.L43 2006eb
082 0 4 _a324.973
_222
100 1 _aLeal, David L.
245 1 0 _aElecting America's governors
_h[electronic resource] :
_bthe politics of executive elections /
_cDavid L. Leal.
250 _a1st ed.
260 _aNew York :
_bPalgrave Macmillan,
_c2006.
300 _aviii, 247 p. :
_bill.
504 _aIncludes bibliographical references (p. [229]-247)
533 _aElectronic reproduction.
_bPalo Alto, Calif. :
_cebrary,
_d2009.
_nAvailable via World Wide Web.
_nAccess may be limited to ebrary affiliated libraries.
650 0 _aGovernors
_zUnited States
_xElection.
650 0 _aElections
_zUnited States.
655 7 _aElectronic books.
_2local
710 2 _aebrary, Inc.
856 4 0 _uhttp://site.ebrary.com/lib/rucke/Doc?id=10150431
_zAn electronic book accessible through the World Wide Web; click to view
999 _c202884
_d202884